000 00998cam a22002054a 4500
005 20250605164105.0
008 250528s ||||||||||||||||||||||||d
035 _a17700
020 _a9780071700283
040 _aGR-AtMCL
_bgre
_dGR-AtMCL
_eAACR2
245 1 _aReview of Medical Microbiology and Immunology / Eleventh Edition
250 _a11th
260 _bMcgraw Hill,
_c2010
300 _a632
520 _aThis book presents a highly-yield review of the basic and clinical aspects of bacteriology, virology, mycology, parasitology, and immunology. Preface, Acknowledgements, Basic Bacteriology, Clinical Bacteriology, Basic Virology, Clinical Virology, Mycology, Parasitology, Immunology, Ectoparasites, Brief Summaries of Medically Important Organisms, Clinical Cases, Pearls for the USMLE, USMLE (National Board) Practice Questions, USMLE (National Board) Practice Examination, Index.
700 1 _aLevinson Warren
_93883
942 _cBK
999 _c3102
_d3102